[Event "Seville op 44th"]
[Site "Seville"]
[Date "2019.01.11"]
[Round "1"]
[White "Gonzalez Pineda, Manuel"]
[Black "Saric, Ante"]
[Result "0-1"]
[WhiteElo "1789"]
[BlackElo "2536"]
[PlyCount "70"]
[EventDate "2019.01.11"]
[EventType "swiss"]
[EventRounds "9"]
[EventCountry "ESP"]
[SourceTitle "CBM 188 Extra"]
[Source "ChessBase"]
[SourceDate "2019.02.26"]
[SourceVersion "1"]
[SourceVersionDate "2019.02.26"]
[SourceQuality "1"]

1. Nf3 c5 2. c4 g6 3. g3 Bg7 4. Nc3 b6 5. Bg2 Bb7 6. 0-0 Nc6 7. Rb1 d6 8. d3 Qd7 9. Re1 Nh6 10. Bg5 Nf5 11. e4 Nfd4 12. Nd5 h6 13. Bd2 e6 14. Ne3 Ne5 15. Nxe5 dxe5 16. b4 cxb4 17. Bxb4 h5 18. c5 b5 19. Nc2 a5 20. Bc3 0-0 21. Qd2 Nxc2 22. Qxc2 Rfc8 23. Bd2 Bc6 24. a3 Rd8 25. Bf1 Qe8 26. Qb2 Qe7 27. Qc1 Rdb8 28. Qc3 h4 29. Be3 f5 30. Qc1 Bf6 31. Bd2 Kf7 32. Bc3 hxg3 33. fxg3 Qxc5+ 34. Kh1 Rh8 35. Rb2 Qxa3 0-1